Piosenki Lady Pank - nagła śmierć - Statystyki

Ogólne statystyki
  • Ten quiz został rozwiązany 444 razy
    443 od ostatniego zresetowania
  • Średni wynik to 9 z 20
Answers on the Grid
Answers color-coded by a green-red scale on the quiz's grid according to % correct below.
Zostawcie Titanica
Zawsze tam, gdzie ty
Zamki na piasku
Kryzysowa narzeczona
Tańcz głupia, tańcz
Sztuka latania
Tacy sami
Mniej niż zero
Na co komu dziś
Dwuosobowa banda
Obok
Międzyzdroje
Spirala
Zostań ze mną
Fabryka małp
Wciąż bardziej obcy
A to ohyda
Vademecum skauta
Minus 10 w Rio
Młode orły
Bałkanica
Silesian Song
Wehikuł czasu
Czerwony jak cegła
Jak malowany ptak
Autsajder
Gdy nie ma dzieci
Hej, czy nie wiecie
Po co wolność
Raz po raz
Niepokonani
Nie płacz Ewka
Tak smakuje życie
Świnoujście
Cykady na Cykladach
Bez ciebie umieram
 
Statystyki odpowiedzi
Odpowiedź % Poprawnych
Mniej niż zero
78%
Tańcz głupia, tańcz
78%
Kryzysowa narzeczona
76%
Na co komu dziś
72%
Tacy sami
72%
Zostawcie Titanica
72%
Zawsze tam, gdzie ty
70%
Fabryka małp
66%
Zamki na piasku
66%
Sztuka latania
53%
Wciąż bardziej obcy
48%
Vademecum skauta
38%
Minus 10 w Rio
24%
A to ohyda
23%
Młode orły
19%
Zostań ze mną
14%
Dwuosobowa banda
13%
Międzyzdroje
12%
Obok
10%
Spirala
10%
Nie znaleziono quizów pasujących do podanych kryteriów
Rozkład punktacji
Procent ludzi z każdym wynikiem
Percentyl według liczby udzielonych odpowiedzi
Twoja historia wyników
Nie rozwiązałeś tego quizu od ostatniego zresetowania